000
00305nam a2200133Ia 4500
008
240624s9999 xx 000 0 und d
041
_a
eng
082
_a
900 CAR
100
_a
CARR E H
245
_a
WHAT IS HISTORY
260
_c
1990
_a
New Delhi
_b
Penguin Books
300
_a
188 : cm. ; 19
365
_c
BPS
999
_c
4076
_d
4076